| 000 | 00771nam a2200265Ia 4500 | ||
|---|---|---|---|
| 003 | OSt | ||
| 005 | 20220924120109.0 | ||
| 006 | a|||||r|||| 00| 0 | ||
| 007 | ta | ||
| 008 | 220923b |||||||| |||| 00| 0 urd d | ||
| 020 | _a8189461664 (hbk) | ||
| 020 | _c400 | ||
| 024 | _a285386 | ||
| 037 |
_b4315, 19/11/2014, Kitabi Duniya _cTextual |
||
| 040 |
_aARTS _cARTS _burd |
||
| 041 |
_2urd _aurd |
||
| 082 | _aO168,1M33w, Q4 | ||
| 100 |
_aFiroz Mohammad _9180752 |
||
| 245 | 0 |
_aMir Mehdi Majrooh _b Hayat aur tasanif |
|
| 260 |
_aDelhi _bKitabi Duniya India _c2014 |
||
| 300 |
_a334p. _ccm. |
||
| 650 | _aURDU POETRY | ||
| 942 |
_hO168,1M33w, Q4 _cTEXL _2CC |
||
| 999 |
_c401213 _d401213 |
||